Participantes do Brasileirão Feminino A1 em 2022 - Statistics

Estatísticas Gerais
  • Esse quiz foi jogado 53 vezes
  • A pontuação média é 13 de 16
Estatísticas das Respostas
Cidade Estádio Time % Correto
Belo Horizonte - MG Independência Atlético Mineiro
100%
São Paulo - SP Neo Química Arena Corinthians
100%
Belo Horizonte - MG das Alterosas Cruzeiro
100%
São Paulo - SP Morumbi São Paulo
100%
Rio de Janeiro - RJ Gávea Flamengo
98%
Porto Alegre - RS Beira-Rio Internacional
98%
Santos - SP Vila Belmiro Santos
98%
Bragança Paulista - SP Nabi Abi Chedid Red Bull Bragantino
96%
Porto Alegre - RS Antônio Vieira Ramos (Gravataí) Grêmio
92%
Araraquara - SP Fonte Luminosa Ferroviária
88%
São Paulo - SP Nelo Bracalente (Vinhedo) Palmeiras
83%
São José dos Campos - SP Martins Pereira São José
81%
Vila Planalto - DF Defelê Real Brasília
73%
Caçador - SC Carlos Alberto Costa Neves Avaí/Kindermann
69%
Ananindeua - PA Mangueirão (Belém) Madre Celeste
29%
Brasília - DF Abadião CRESSPOM
23%
Nenhum quiz correspondente encontrado
Distribuição das Pontuações
Porcentagem de Pessoas com Cada Pontuação
Percentil de Números Respondidos
Sua Pontuação Histórica
Você não jogou esse quiz